Catálogo

CONTROL QUIMICO DE LA MELAZA (Registro nro. 8341)

Detalles MARC
000 -LEADER
fixed length control field 00492nam a2200181 a 4500
001 - CONTROL NUMBER
control field 8341
005 - DATE AND TIME OF LATEST TRANSACTION
control field 20180713192254.0
008 - FIXED-LENGTH DATA ELEMENTS--GENERAL INFORMATION
fixed length control field 140415s1993 mx 000 0 spa d
041 ## - LANGUAGE CODE
Language code of text/sound track or separate title spa
082 ## - DEWEY DECIMAL CLASSIFICATION NUMBER
Classification number 632.954
Item number GOM
100 1# - MAIN ENTRY--PERSONAL NAME
Personal name GOMEZ BRINDIS, JOSE GUDALUPE
245 10 - TITLE STATEMENT
Title CONTROL QUIMICO DE LA MELAZA
250 ## - EDITION STATEMENT
Edition statement 1a ed.
260 ## - PUBLICATION, DISTRIBUTION, ETC.
Place of publication, distribution, etc. MEXICO :
Name of publisher, distributor, etc. TRILLAS,
Date of publication, distribution, etc. 1993
300 ## - PHYSICAL DESCRIPTION
Extent 250
650 14 - SUBJECT ADDED ENTRY--TOPICAL TERM
Topical term or geographic name entry element CONTROL DE MALEZAS
General subdivision HERBICIDAS
700 1# - ADDED ENTRY--PERSONAL NAME
Personal name VAN DER MERSCH, CHARLES
Relator term coaut.
Existencias
Withdrawn status Lost status Source of classification or shelving scheme Damaged status Not for loan Collection code Home library Current library Shelving location Date acquired Source of acquisition Inventory number Total Checkouts Full call number Barcode Date last seen Price effective from Koha item type
    Dewey Decimal Classification     General Biblioteca Karol Wojtyla Biblioteca Karol Wojtyla Área de silencio 03/12/2013 Compra 151000000000000000013253   632.954 GOM 22030 05/01/2026 03/12/2013 Libro